Score 0/15 Timer 03:00
1 Play Today
% Correct
Orange is the New Black
95.5%
How I Met Your Mother
93.7%
3rd Rock From the Sun
91.7%
Two and a Half Men
89.8%
It's Always Sunny in Philadelphia
89.1%
Star Trek: The Next Generation
85.5%
Who Wants to be a Millionaire?
84.1%
Whose Line is it Anyway?
83.6%
% Correct
The Dick Van Dyke Show
80.4%
The Mary Tyler Moore Show
80.2%
One Day at a Time
79.2%
The Sonny and Cher Comedy Hour
78.3%
Law and Order: SVU
77%
The Courtship of Eddie's Father
75.6%
Legends of the Hidden Temple
70.2%
Remove Ads.
Support Sporcle.
Get the best of Sporcle when you Go Orange. This ad-free experience offers more features, more stats, and more fun while also helping to support Sporcle. Thank you for becoming a member.

You're not logged in!

Compare scores with friends on all Sporcle quizzes.
OR
Log In

Sporcle TV

Today on Sporcle TV


Watch our educational content, quiz creation guides, and fun videos on Sporcle TV.

Show Comments

Extras

Top Quizzes Today


Score Distribution

Paid Content

Your Account Isn't Verified!

In order to create a playlist on Sporcle, you need to verify the email address you used during registration. Go to your Sporcle Settings to finish the process.

Report this User

Report this user for behavior that violates our Community Guidelines.

Details: